LEADER 01815nam a2200385 a 4500 001 000000129476 003 CaOOAMICUS 005 20120628101123.0 008 120628s2012 it ad u000 u ita r 020 $a978-88-339-2162-4 040 $aPUL$bita 041 1 $aita$hger 082 04$a190.9 100 1 $aCassirer, Ernst,$d1874-1945.$0(OLS)http://pul/name/5598 240 10$aIndividuum und Kosmos in der Philosophie der Renaissance.$lItaliano.$0(OLS)http://pul/title/7869 245 10$aIndividuo e cosmo nella filosofia del Rinascimento /$cErnst Cassirer ; a cura di Friederike Plaga e Claus Rosenkranz ; introduzione di Maurizio Ghelardi ; traduzione e curatela di Giovanna Targia. 260 $aTorino :$bBollati Boringhieri,$c©2012. 300 $aXXXVII, 467p. :$bill., grafici ;$c22 cm 490 1 $aNuova cultura ;$v241 500 $aSul front.: Edizione integrale. 504 $aInclude riferimenti bibliografici. 650 4$aFilosofia$ySec. XVI.$0(OLS)http://pul/subject/24282 700 1 $aPlaga, Friederike.$0(OLS)http://pul/name/82880 700 1 $aRosenkranz, Claus.$0(OLS)http://pul/name/82881 700 1 $aGhelardi, Maurizio.$0(OLS)http://pul/name/40995 700 1 $aTargia, Giovanna.$0(OLS)http://pul/name/82882 830 0$aNuova cultura ;$v241.$0(OLS)http://pul/title/20000 850 $aPUL 852 $aPUL$W1$xSL Filosofia 3$y81$m190. 9 CASER 1$j149964$qDDC 21$B148489$CPULBib$Z2$F148489 $H120192 $82 941 1 $a9 996 $6020$a978-88-339-2162-4$9(OLS)http://pul/number/150122 996 $6082$a190.9$9(OLS)http://pul/classification/654 996 $6245$aIndividuo e cosmo nella filosofia del Rinascimento$9(OLS)http://pul/title/7870 996 $6260$aTorino :$bBollati Boringhieri$9(OLS)http://pul/publisher/47883 LEADER 01385nam a2200313 a 4500 001 000000140180 003 CaOOAMICUS 005 20141024095413.0 008 141024s2005 it u000 u ita r 020 $a88-382-3985-1 040 $aPUL$bita 082 04$a851.1 100 1 $aDi Paola Dollorenzo, Gabriella M.$0(OLS)http://pul/name/90404 245 13$aLo stilo puntuto :$bpercorsi nella Commedia di Dante /$cGabriella Di Paola Dollorenzo. 260 $aRoma :$bStudium,$c2005. 300 $a161 p. ;$c21 cm 490 1 $aQuaderni della Libera Universitą "Maria SS. Assunta" ;$v26 500 $aContiene indici. 500 $aBibliografia p. [153]-161. 600 04$aDante Alighieri,$d1265-1321$tDivina Commedia$xCritica e interpretazione.$0(OLS)http://pul/subject/7363 830 0$aQuaderni della Libera Universitą "Maria SS. Assunta" ;$v26.$0(OLS)http://pul/title/47441 850 $aPUL 852 $aPUL$W1$xDP2 Cons. Gen., Altre Classi 3$y97$m851. 1 DIPGA 1$j162005$qDDC 21$B161451$CPULBib$Z2$F161451 $H124820 $81 941 1 $a9 996 $6020$a88-382-3985-1$9(OLS)http://pul/number/156180 996 $6082$a851.1$9(OLS)http://pul/classification/599 996 $6245$aLo stilo puntuto :$bpercorsi nella Commedia di Dante$9(OLS)http://pul/title/177448 996 $6260$aRoma :$bStudium$9(OLS)http://pul/publisher/47892